[Event "Titled Tuesday intern op 13th Feb Late"]
[Site "Chess.com INT"]
[Date "2024.02.13"]
[Round "6"]
[White "Herman, Daniel"]
[Black "Bilan, Danila"]
[Result "1/2-1/2"]
[WhiteElo "1927"]
[BlackElo "2303"]
[PlyCount "198"]
[EventDate "2024.02.13"]
[EventType "swiss (blitz)"]
[EventRounds "11"]
[EventCountry "USA"]
[SourceTitle "CB08_2024"]
[SourceDate "2024.02.21"]
[SourceVersion "1"]
[SourceVersionDate "2024.02.21"]
[SourceQuality "1"]

1. d4 d5 2. c4 c6 3. cxd5 cxd5 4. Bg5 Nf6 5. Bxf6 gxf6 6. e3 Nc6 7. Nc3 e6 8. g3 Bd6 9. Bg2 Bd7 10. Nge2 Rc8 11. 0-0 f5 12. Rc1 Ne7 13. Qb3 Bc6 14. Na4 0-0 15. Nc5 b6 16. Nd3 Ng6 17. Rc3 Qd7 18. Rfc1 Ba4 19. Rxc8 Bxb3 20. Rxf8+ Kxf8 21. axb3 Qb5 22. Rc3 Bb4 23. Nxb4 Qxb4 24. Bf1 Qa5 25. Nc1 Qa1 26. Nd3 Kg7 27. Kg2 Nf8 28. Rc7 Ng6 29. h4 Qd1 30. Rxa7 Qxb3 31. h5 Nh8 32. Ne5 Qd1 33. h6+ Kxh6 34. Nxf7+ Nxf7 35. Rxf7 Kg6 36. Re7 Kf6 37. Rxh7 Qb3 38. Rb7 Qxb2 39. Kf3 e5 40. dxe5+ Kxe5 41. Bd3 d4 42. exd4+ Qxd4 43. Re7+ Kf6 44. Re3 b5 45. Kg2 b4 46. Bc2 Kg5 47. Kf1 Qd2 48. Bb3 f4 49. gxf4+ Kxf4 50. Kg2 Qc1 51. Ba4 Qc5 52. Bb3 Qg5+ 53. Kf1 Qd5 54. Ke2 Qc5 55. Rd3 Qb5 56. Kd2 Qa5 57. Re3 Qg5 58. Ke2 Qh6 59. Rf3+ Ke4 60. Re3+ Kd4 61. Rd3+ Kc5 62. Rd5+ Kc6 63. Rd3 Qc1 64. Re3 Kc5 65. Rd3 Qb2+ 66. Kf1 Qc1+ 67. Ke2 Qf4 68. Re3 Kd4 69. Rd3+ Kc5 70. Re3 Qg5 71. Rg3 Qe5+ 72. Re3 Qb2+ 73. Kf1 Qc1+ 74. Kg2 Qd2 75. Kf3 Qc1 76. Kg2 Qa1 77. Kf3 Qg7 78. Ke2 Qf6 79. Rf3 Qe5+ 80. Re3 Qf6 81. Rf3 Qb2+ 82. Kf1 Kd4 83. Kg2 Ke4 84. Re3+ Kf4 85. Rf3+ Kg4 86. Rg3+ Kh4 87. Rh3+ Kg5 88. Rg3+ Kf6 89. Rf3+ Ke5 90. Re3+ Kd4 91. Kf3 Qc1 92. Kg2 Qc6+ 93. Kf1 Qh1+ 94. Ke2 Qg1 95. Rg3 Qc1 96. Re3 Qb2+ 97. Kf1 Qd2 98. Rg3 Ke4 99. Kg2 Kf4 1/2-1/2

[Event "Titled Tuesday intern op 13th Feb Late"]
[Site "Chess.com INT"]
[Date "2024.02.13"]
[Round "2"]
[White "Herman, Daniel"]
[Black "Bongo Akanga Ndjila, Barthelemy"]
[Result "1-0"]
[WhiteElo "1927"]
[BlackElo "1824"]
[PlyCount "39"]
[EventDate "2024.02.13"]
[EventType "swiss (blitz)"]
[EventRounds "11"]
[EventCountry "USA"]
[SourceTitle "CB08_2024"]
[SourceDate "2024.02.21"]
[SourceVersion "1"]
[SourceVersionDate "2024.02.21"]
[SourceQuality "1"]

1. c4 c5 2. Nc3 b6 3. e4 Bb7 4. Nf3 d6 5. d4 cxd4 6. Nxd4 a6 7. Bd3 e6 8. 0-0 g6 9. f4 Bg7 10. Be3 Nd7 11. f5 Ne5 12. fxe6 Nf6 13. exf7+ Kxf7 14. Nd5 Bxd5 15. cxd5 Re8 16. Ne6 Qd7 17. Bd4 Nxd3 18. Qxd3 Kg8 19. Nxg7 Rxe4 20. Bxf6 1-0

[Event "Titled Tuesday intern op 13th Feb Late"]
[Site "Chess.com INT"]
[Date "2024.02.13"]
[Round "11"]
[White "Herman, Daniel"]
[Black "Capdevila, Calixto"]
[Result "1-0"]
[WhiteElo "1927"]
[BlackElo "2107"]
[PlyCount "89"]
[EventDate "2024.02.13"]
[EventType "swiss (blitz)"]
[EventRounds "11"]
[EventCountry "USA"]
[SourceTitle "CB08_2024"]
[SourceDate "2024.02.21"]
[SourceVersion "1"]
[SourceVersionDate "2024.02.21"]
[SourceQuality "1"]

1. Nf3 Nf6 2. c4 g6 3. g3 Bg7 4. Bg2 0-0 5. 0-0 c6 6. d4 d5 7. cxd5 cxd5 8. Ne5 Ne4 9. Nd2 Nc6 10. Nxc6 bxc6 11. Nxe4 dxe4 12. Bxe4 Bh3 13. Re1 Bxd4 14. e3 Bf6 15. Qxd8 Rfxd8 16. Bxc6 Rac8 17. Bg2 Bxg2 18. Kxg2 Rc2 19. Rb1 Rb8 20. e4 Bd4 21. Be3 Bxe3 22. Rxe3 Rbxb2 23. Rxb2 Rxb2 24. Ra3 Rb7 25. Ra6 Kf8 26. h4 Ke8 27. Kf3 h6 28. h5 gxh5 29. Rxh6 Rb2 30. Ra6 Rb7 31. Kf4 f6 32. Ra5 e5+ 33. Kf5 Ke7 34. Ra6 Rb2 35. Rxa7+ Kd6 36. f4 exf4 37. gxf4 h4 38. Kxf6 h3 39. e5+ Kd5 40. Rh7 h2 41. f5 Rxa2 42. e6 Re2 43. e7 Kd6 44. Rxh2 Rxe7 45. Rd2+ 1-0

[Event "Titled Tuesday intern op 13th Feb Late"]
[Site "Chess.com INT"]
[Date "2024.02.13"]
[Round "9"]
[White "Herman, Daniel"]
[Black "Colonetti, Fabio"]
[Result "0-1"]
[WhiteElo "1927"]
[BlackElo "2129"]
[PlyCount "92"]
[EventDate "2024.02.13"]
[EventType "swiss (blitz)"]
[EventRounds "11"]
[EventCountry "USA"]
[SourceTitle "CB08_2024"]
[SourceDate "2024.02.21"]
[SourceVersion "1"]
[SourceVersionDate "2024.02.21"]
[SourceQuality "1"]

1. d4 Nf6 2. Bg5 e6 3. e4 Be7 4. Nc3 d5 5. e5 Nfd7 6. h4 h6 7. Bxe7 Qxe7 8. Qg4 0-0 9. Rh3 a6 10. Rg3 f5 11. Qh5 Kh8 12. Nh3 Qf7 13. Qxf7 Rxf7 14. Nf4 Nf8 15. Na4 b6 16. c4 dxc4 17. Nc3 b5 18. a4 b4 19. Na2 Nc6 20. Rd1 Bd7 21. Bxc4 a5 22. Nc1 Ne7 23. Nb3 Bxa4 24. Ra1 Bxb3 25. Bxb3 Nc6 26. Bxe6 Nxe6 27. Nxe6 Re7 28. Nf8 Rxf8 29. Rg6 Nxd4 30. Rxa5 Rfe8 31. f4 Ne6 32. g3 Kh7 33. h5 Kg8 34. Ra6 Kf7 35. Kf2 Rd8 36. Ke3 Rd1 37. g4 fxg4 38. f5 Ng5 39. e6+ Ke8 40. Ra8+ Rd8 41. Rxd8+ Kxd8 42. Kf4 c5 43. Ke5 c4 44. Kd4 g3 45. Ke3 c3 46. bxc3 bxc3 0-1